Economics of development and planning (Record no. 120332)

MARC details
000 -LEADER
fixed length control field 00567nam a2200229Ia 4500
003 - CONTROL NUMBER IDENTIFIER
control field OSt
005 - DATE AND TIME OF LATEST TRANSACTION
control field 20220702102028.0
008 - FIXED-LENGTH DATA ELEMENTS--GENERAL INFORMATION
fixed length control field 210210b2015 xxu||||| |||| 00| 0 eng d
020 ## - INTERNATIONAL STANDARD BOOK NUMBER
International Standard Book Number 9789327257243
040 ## - CATALOGING SOURCE
Transcribing agency AL
041 ## - LANGUAGE CODE
Language code of text/sound track or separate title eng
082 ## - DEWEY DECIMAL CLASSIFICATION NUMBER
Classification number 338.9 LEKE
100 ## - MAIN ENTRY--PERSONAL NAME
Personal name LEKHI (R K)
9 (RLIN) 46672
245 ## - TITLE STATEMENT
Title Economics of development and planning
250 ## - EDITION STATEMENT
Edition statement 18 Rev
260 ## - PUBLICATION, DISTRIBUTION, ETC.
Place of publication, distribution, etc. Ludhiana
Name of publisher, distributor, etc. Kalyani Publishers
Date of publication, distribution, etc. 2015
300 ## - PHYSICAL DESCRIPTION
Extent xxi,1041
690 ## - LOCAL SUBJECT ADDED ENTRY--TOPICAL TERM (OCLC, RLIN)
Topical term or geographic name as entry element Economic Planning
9 (RLIN) 46673
700 ## - ADDED ENTRY--PERSONAL NAME
Personal name SINGH (Joginder)
9 (RLIN) 46674
906 ## - LOCAL DATA ELEMENT F, LDF (RLIN)
a 070849
942 ## - ADDED ENTRY ELEMENTS (KOHA)
Source of classification or shelving scheme Dewey Decimal Classification
Koha item type Book
Holdings
Withdrawn status Lost status Damaged status Not for loan Collection code Home library Current library Shelving location Date acquired Source of acquisition Cost, normal purchase price Total Checkouts Full call number Barcode Date last seen Date last checked out Price effective from Koha item type
          St Aloysius Library St Aloysius Library   02/17/2021 Biblios Book Point, Surathkal-575014 475.00 2 338.9 LEKE 070850 11/17/2023 11/07/2023 02/17/2021 Book
          St Aloysius Library St Aloysius Library   02/17/2021 Biblios Book Point, Surathkal-575014 475.00 1 338.9 LEKE 070849 09/22/2022 09/22/2022 02/17/2021 Book